Wireless communications: Principles and practice (Record no. 188239)

MARC details
000 -LEADER
fixed length control field 00465nam a2200169Ia 4500
005 - DATE AND TIME OF LATEST TRANSACTION
control field 20250328100244.0
008 - FIXED-LENGTH DATA ELEMENTS--GENERAL INFORMATION
fixed length control field 231217s9999 xx 000 0 und d
020 ## - INTERNATIONAL STANDARD BOOK NUMBER
International Standard Book Number 9788131728826
082 ## - DEWEY DECIMAL CLASSIFICATION NUMBER
Classification number 621.3811 RAP;58
100 ## - MAIN ENTRY--PERSONAL NAME
Personal name Rappaport, Theodore S.
245 #0 - TITLE STATEMENT
Title Wireless communications: Principles and practice
250 ## - EDITION STATEMENT
Edition statement 2nd ed.
260 ## - PUBLICATION, DISTRIBUTION, ETC. (IMPRINT)
Date of publication, distribution, etc. 2009
Name of publisher, distributor, etc. Dorling Kindersley
Place of publication, distribution, etc. Noida
300 ## - PHYSICAL DESCRIPTION
Extent xxiii, 707
650 ## - SUBJECT ADDED ENTRY--TOPICAL TERM
Topical term or geographic name as entry element Wireless,communications:
942 ## - ADDED ENTRY ELEMENTS (KOHA)
Koha item type Books
Holdings
Date last seen Total Checkouts Full call number Accession number Old discount Uniform Resource Identifier Cost, replacement price Price effective from Category Lost status Damaged status Department Withdrawn status bill no. bill date Permanent Location Current Location Shelving location Entry date Vendor Cost, normal purchase price Grants Currency symbol Conversion rate Discount Discount type Date checked out
26/01/2024   621.3811 RAP;58 70235 25 digital/contents/70235.pdf 296.25 26/01/2024 Books     Central Library   2010/CR/0001684 25/02/2014 Central Library Central Library Central Library 28/08/2010 Allied publ. 395.00 EC RS 1 98.75 Rupees  
20/01/2025 2 621.3811 RAP;32 77602       26/01/2024 Books     Central Library     22/01/2016 Central Library Central Library Central Library 07/03/2011     CS RS 1   Rupees 10/01/2025

© For any Suggestions or Query, please contact the library staff @ librarian@pes.edu or Phone: +9180 2672 1983/ 2108.